| 000 | 01981cam a2200421 a 4500 | ||
|---|---|---|---|
| 001 | 109584 | ||
| 005 | 20230410103902.0 | ||
| 008 | 071017s2008 enk b 001 0 eng | ||
| 035 | _a15047273 | ||
| 925 | 0 |
_aacquire _b2 shelf copies _xpolicy default |
|
| 942 |
_2lcc _cbk |
||
| 010 | _a 2007042980 | ||
| 020 | _a9780415775090 | ||
| 020 | _a0415775094 | ||
| 020 | _a9780415775106 (pbk.) | ||
| 020 | _a0415775108 (pbk.) | ||
| 020 | _a9780203928295 (ebook) | ||
| 020 | _a0203929896 (ebook) | ||
| 040 |
_aDLC _cDLC _dDLC |
||
| 043 | _aa-is--- | ||
| 050 | 1 | 4 |
_a416 DS 126.5 _bA229r 2008 |
| 082 | 0 | 0 | _a956.9405 |
| 100 | 1 | _aAdelman, Jonathan R. | |
| 245 | 1 | 4 |
_aThe rise of Israel : _ba history of a revolutionary state / _cJonathan Adelman. |
| 260 |
_aMilton Park, Abingdon, Oxon ; _aNew York : _bRoutledge, _c2008. |
||
| 300 |
_ax, 269 p. ; _c24 cm. |
||
| 490 | 0 |
_aIsraeli history, society and politics; _v50 |
|
| 504 | _aIncludes bibliographical references (p. [243]-256) and index. | ||
| 505 | 0 | _aControversy over Israel -- The rise of Israel in comparative perspective -- Jewish issues -- Hostility of major powers -- Enmity of Arab world and Iran -- Major international and religious organizations -- Western unwillingness to helping Israel in crisis -- Israeli issues -- Historical roots of the revolutions -- Modern Zionist revolutions -- Revolutionary military-security factors -- Revolutionary factors: aliyah, education, government, and party -- International factors. | |
| 651 | 0 |
_aIsrael _xHistory. |
|
| 651 | 0 |
_aIsrael _xForeign relations. |
|
| 650 | 0 |
_aZionism _xHistory. |
|
| 651 | 4 |
_aIsrael _xHistoria. |
|
| 650 | 4 |
_aSionismo _xHistoria |
|
| 856 | 4 | 1 |
_3Table of contents only _uhttp://www.loc.gov/catdir/toc/ecip082/2007042980.html |
| 856 | 4 | 2 |
_3Publisher description _uhttp://www.loc.gov/catdir/enhancements/fy0913/2007042980-d.html |
| 856 | 4 | 2 |
_3Contributor biographical information _uhttp://www.loc.gov/catdir/enhancements/fy1113/2007042980-b.html |
| 999 |
_c27734 _d27734 |
||